| 000 | 01303nam0a2200325 4500 | ||
|---|---|---|---|
| 001 | RU\NLR\bibl\911405 | ||
| 005 | 20250614183425.0 | ||
| 010 |
_a5-317-01516-2 _9100 |
||
| 021 |
_aRU _b2006-1389 _959 |
||
| 035 | _a(NLR Aleph) 000899746 | ||
| 090 |
_a1768886 _c1768886 |
||
| 100 | _a20060301d2006 |||y0rusy50 ca | ||
| 101 | 0 | _arus | |
| 102 | _aRU | ||
| 105 | _aa ||||||||| | ||
| 200 | 1 |
_aБаскетбол: индивидуальная и командная защита _fВ. М. Калявин |
|
| 210 |
_aМосква _cМАКС Пресс _d2006 |
||
| 215 |
_a[2], 62 с. _cил. _d21 |
||
| 225 | 1 |
_aМетодическая библиотека средней школы № 174 с углубленным изучением химии г. Москвы _iСерия "Физическая культура" |
|
| 320 | _aБиблиогр.: с. 62 (9 назв.) | ||
| 606 | 1 |
_aБаскетбол _jРуководства, пособия и т.п. _xТехника защиты _92081303 _3RU\NLR\auth\661257281 |
|
| 686 | _aЧ515.66я7 | ||
| 700 | 1 |
_aКалявин _bВ. М. _gВладимир Михайлович _4070 |
|
| 801 | 0 |
_aRU _bNLR _c20060301 _grcr |
|
| 801 | 1 |
_aRU _bNLR _c20060301 |
|
| 942 | _cBOOK | ||
| 980 | _aNB | ||